Aves (Registo nº 4128)

Detalhes MARC
000 -Etiqueta do registo
Cabeçalho 00786cam a2200253 4500
005 - Identificador da versão
Campo de controlo 20240813122053.0
010 ## - Número internacional normalizado dos livros (ISBN)
Número (ISBN) 9727071163
100 ## - Dados gerais de processamento
Dados gerais de processamento 20070803d1998 demy0pory5003 ba
102 ## - Pais de publicação ou produção
País de publicação Portugal
101 1# - Língua de publicação
Língua do texto, banda sonora, etc. Português
Língua do documento no original Inglês
215 ## - Descrição física 
Indicação específica da natureza do documento e extensão da espécie 127, [2] p.
Outras indicações físicas muito il. color.
Dimensões 18 cm
200 1# - Titulo e menção de responsabilidade
Título próprio Aves
Informação de outro título [guia prático para conhecer as aves da Europa]
Primeira menção de responsabilidade L. Lambert e A. Pearson
Outras menções de responsabilidade trad. Orlanda Genro
-- rev. tec. José Manuel Alho
225 1# - Colecção 
Título próprio da colecção Pequenos guias da natureza
210 ## - Publicação, Distribuição, etc. 
Lugar da edição, distribuição, etc. Lisboa
Nome do editor, distribuidor, etc. Plátano
Data da publicação, distribuição, etc. 1998
675 ## - Classificação Decimal Universal (CDU)
Notação 598.2
Edição BN
Língua da edição por
702 #1 - Nome de autor-pessoa física (responsabilidade secundária)
Número de registo de entrada de autoridade 0000758
Palavra de ordem Genro
Outra parte do nome não tomada para palavra de ordem Orlanda
Código de função Tradutor
Número de registo de entrada de autoridade 0000759
Palavra de ordem Alho
Outra parte do nome não tomada para palavra de ordem José Manuel
Código de função Revisor
701 ## - Nome de autor-pessoa física (co-responsabilidade principal)
Palavra de ordem Pearson
Outra parte do nome não tomada para palavra de ordem A.
Código de função Autor / Co-autor
700 ## - Nome de autor-pessoa física (responsabilidade principal)
Número de registo de entrada de autoridade 0000756
Palavra de ordem Lambert
Outra parte do nome não tomada para palavra de ordem L.
942 ## - Elementos de entrada adicionados (Koha)
Tipo de item no Koha Livro
Exemplares
Situação do levantamento Origin of item (home branch) (coded) Biblioteca de empréstimo Código de barras Cota Circulation type (not for loan) Tipo de documento Nota do exemplar Damaged status
  Biblioteca Escolar das Vendas Biblioteca Escolar das Vendas BEV621 5ZOO LAM   Livro Sem mensagem